000
00296nam a22001457a 4500
008
210309b ||||| |||| 00| 0 eng d
020
_a
9781259065422
041
_a
eng
080
_a
159.9
082
_a
159.9
100
_a
48
101
_a
PSI
245
_a
Psyc1100
_c
CPNC
942
_2
udc
_c
BK
999
_c
56101
_d
56101